000
00244nas a2200109 a 4500
001
000046749
005
20201002053108.0
008
180321s2017 000 spa d
245
0
_a
Ciencia & educación.
260
_c
2017.
999
_c
46238
_d
46238
040
_a
DO-SdBNP